| 000 | 00741cam a22002413a 4500 | ||
|---|---|---|---|
| 001 | 27938 | ||
| 003 | PGUSA | ||
| 005 | 20140828083614.0 | ||
| 008 | 090130s2009||||xxu|||||s|||||000 | eng d | ||
| 040 |
_aPGUSA _beng |
||
| 042 | _adc | ||
| 050 | 4 | _aPA | |
| 100 | 1 |
_aLucian, of Samosata, _d120-180 |
|
| 245 | 1 | 0 |
_aΛουκιανός - Άπαντα, Τόμος Δεύτερος _h[electronic resource] / _cof Samosata Lucian |
| 260 |
_bProject Gutenberg, _c2009 |
||
| 506 | _aPublic domain in the USA. | ||
| 516 | _aElectronic text | ||
| 700 | 1 |
_aKondylakes, Ioannes, _d1861-1920 |
|
| 740 | 0 | _aLucian - The Complete Works, Volume 2 | |
| 830 | 0 |
_aProject Gutenberg _v27938 |
|
| 856 | 4 | 0 | _uhttp://www.gutenberg.org/ebooks/27938 |
| 942 | _cEB | ||
| 999 |
_c257193 _d257193 |
||